00262nam a2200085Ia 4500008004100000100003500041245004900076260004200125260000900167170620s9999 xx 000 0 und d aSharma- Surendra Kumar (Hindi) 0aAadhunik Bhartiya Samaj mein Shiksha (Hindi) bNew Delhi- Discovery Publishing House c2005